| 000 | 00723nam a2200253Ia 4500 | ||
|---|---|---|---|
| 003 | OSt | ||
| 005 | 20221006145747.0 | ||
| 006 | a|||||r|||| 00| 0 | ||
| 007 | ta | ||
| 008 | 221006b |||||||| |||| 00| 0 eng d | ||
| 020 | _a0824813367 | ||
| 024 | _a15,865 | ||
| 037 |
_bJ F, _cTextual |
||
| 040 |
_aEASL _cEASL _beng |
||
| 041 |
_2eng _aeng |
||
| 082 | _aO42vK00, N1 | ||
| 100 |
_aMARA Michele Au. _9655158 |
||
| 245 | 0 |
_aAesthetics of discontent _b Political and reclusion in medieval Japanese literature |
|
| 260 |
_aHonolulu _bUniversity of Hawaii _c1991 |
||
| 300 |
_a222p. _ccm. |
||
| 490 | _v JEL | ||
| 942 |
_hO42vK00, N1 _cTEXL _2CC |
||
| 999 |
_c1083951 _d1083951 |
||